000 01671nab a22003017a 4500
999 _c5338
_d5338
003 OSt
005 20250223221709.0
008 190603e xxum|||| |||| 00| 0 spa d
040 _cPJ
100 _95595
_aAicega, María Valentina
245 1 0 _aFideicomiso inmobiliario destinado a consumidores. Configuración, calificación de la relación de consumo y obligaciones del fiduciario proveedor /
_cMaría Valentina Aicega.
260 _cCiudad Autónoma de Buenos Aires :
_aThomson Reuters La Ley,
_b2023.
300 _ap. 63-76
500 _aCita Online: TR LALEY AR/DOC/2719/2023.
505 _aSumario: I. A modo de introducción.— II. Configuraciones usuales en los fideicomisos inmobiliarios destinados a consumidores.— III. El contrato de fideicomiso y las relaciones de consumo.— IV. El fiduciario como proveedor.— V. Consumidor en las relaciones que se establecen en los fideicomisos.— VI. Implicancias de la relación de consumo.— VII. Quid de la hipervulnerabilidad del consumidor.
505 _t¿Te interesa el texto completo? Solicitalo al correo: koha@justierradelfuego.gov.ar
650 0 _91590
_aFIDEICOMISO
650 0 _92597
_aDEFENSA DEL CONSUMIDOR
650 0 _93433
_aCESIÓN DE DERECHOS
650 0 _94552
_aRELACION DE CONSUMO
650 0 _9652
_aPUBLICIDAD COMERCIAL
650 0 _93934
_aRENDICIÓN DE CUENTAS
650 0 _96382
_aOBLIGACIONES DEL FIDUCIARIO
650 0 _93951
_aDEBER DE INFORMACIÓN
650 0 _94695
_aSITUACIÓN DE VULNERABILIDAD
773 0 _02713
_93170
_dCiudad Autónoma de Buenos Aires : Thomson Reuters La Ley, 2015-
_tRevista Código Civil y Comercial. Nº 6 - Diciembre 2023
942 _2udc
_cANA